000
00339nam a2200157Ia 4500
100
_a
Lyons/S.L
650
_a
Electrical Engineering
942
_c
RB
654
_a
Domestic Lighting
245
_a
Domestic Lighting
260
_b
Buttersworth
_a
London
_c
1981
082
_a
621.3
_b
Lyo
300
_a
90
546
_a
ENGLISH
999
_c
27800
_d
27800